| Record ID | ia:feathersinfire0000cook_l1q4 |
| Source | Internet Archive |
| Download MARC XML | https://archive.org/download/feathersinfire0000cook_l1q4/feathersinfire0000cook_l1q4_marc.xml |
| Download MARC binary | https://www.archive.org/download/feathersinfire0000cook_l1q4/feathersinfire0000cook_l1q4_meta.mrc |
LEADER: 00517nam a22001937a 4500
001 da8de1eef2fa4d5b919f4ff45bdb4834
003 UK-BiTAL
005 20050705124209.0
008 900531s1989 enk 000 ||eng|d
015 $aGB9033815$2bnb
020 $a0708844138
035 $a()0708844138
040 $aUK-BiTAL$cUK-BiTAL$dUK-BiTAL
082 04 $a823.914$220
100 1 $aCookson, Catherine,$d1906-
245 10 $aFeathers in the fire.
260 $bFutura,$c1989.
300 $a285p.
653 $aFiction in English$a1945-$aTexts